| 000 | 01020cab a2200301 4500 | ||
|---|---|---|---|
| 001 | ABS53268 | ||
| 008 | 090401t1995 xxu||||| |||| 00| 0 eng d | ||
| 035 | _a(Sirsi) u3110 | ||
| 041 | _aeng | ||
| 100 | _aMcNulty, S. | ||
| 245 | 4 | _aThe agricultural revolution | |
| 260 | _c1995 | ||
| 350 | _a0 | ||
| 490 |
_aEstates Gazette _v(9530) 29 July 1995, 82-85(4) |
||
| 520 | _aStresses the similarities to commercial lettings with the new farm business tenancies. Runs through the main points of the Agricultural Tenancies Act 1995. | ||
| 650 | _aAGRICULTURAL TENANCIES ACT 1995 | ||
| 650 | _aMANAGEMENT-DISPUTE AVOIDANCE, MANAGEMENT AND RESOLUTION-DISPUTE MANAGEMENT AND RESOLUTION-ARBITRATION | ||
| 650 | _aCOMPENSATION | ||
| 650 | _aFARM BUSINESS TENANCIES | ||
| 650 | _aRENT REVIEWS | ||
| 650 | _aSECURITY OF TENURE | ||
| 650 | _aTENANTS IMPROVEMENTS | ||
| 690 | _aLANDLORD AND TENANT-AGRICULTURAL TENANCIES | ||
| 690 | _aRURAL PRACTICE | ||
| 700 | _aEvans, D. | ||
| 942 | _n0 | ||
| 948 | _c04/03/1997 | ||
| 999 |
_c1885 _d1885 |
||